LEADER 01090nam a2200265 4500 001 000000360452 003 CaOOAMICUS 005 20241024113250.0 008 241023s1973 it 000 u ita r 040 $aSeMil$bita 240 10$aHorizons of Anthropology.$0(OLS)http://semarc/title/450953 245 00$aOrizzonti di antropologia /$ca cura di Sol Tax ; introduzione di Antonio Marazzi. 264 1$aBrescia :$bMorcelliana,$c1973. 300 $aXVI, 280 p. ;$c23 cm 490 1 $aLe scienze umane 650 4$aAntropologia.$0(OLS)http://semarc/subject/617 700 1 $aMarazzi, Antonio.$0(OLS)http://semarc/name/40216 700 1 $aTax, Sol.$0(OLS)http://semarc/name/120775 830 3$aLe scienze umane.$0(OLS)http://semarc/title/8591 850 $aSeMil 852 $aSeMil$W1$xVenegono$y1$m3R III 3$j251886$B251459$CSeMilBibl$Z2$F251459 $81 961 $aBuzzi mons. Franco - Omaggio 996 $6245$aOrizzonti di antropologia$9(OLS)http://semarc/title/450954 996 $6264$aBrescia :$bMorcelliana$9(OLS)http://semarc/publisher/29629 LEADER 01443nam a2200301 i 4500 001 000000213864 003 CaOOAMICUS 005 20120611000000.0 008 120611s2012 be u000 u fre u 013 $a192719 020 $a978-90-429-2607-3 040 $aSeMil$bita 245 13$aLa surprise dans la Bible :$bhommage à Camille Focant /$cédité par Geert van Oyen, André Wénin. 260 $aLeuven [etc] :$bUitgeverij Peeters,$c2012. 300 $aXLI, 474 p., [1] c. di tav. :$britr. ;$c25 cm. 490 0 $aBibliotheca Ephemeridum Theologicarum Lovaniensium ;$v247. 650 4$aBibbia - Saggi.$0(OLS)http://semarc/subject/4535 650 4$aBibbia - Sorpresa.$0(OLS)http://semarc/subject/39903 700 1 $aFocant, Camille <1946- >.$0(OLS)http://semarc/name/19761 700 1 $aWénin, André,$d<1953- >.$0(OLS)http://semarc/name/30901 700 1 $aOyen, Geert : van.$0(OLS)http://semarc/name/76156 830 0$aBibliotheca Ephemeridum Theologicarum Lovaniensium ;$v247.$0(OLS)http://semarc/title/108 850 $aSeMil 852 $aSeMil$W1$xVenegono$y1$m2IA A 247$j236342$B164292$CSeMilBibl$Z2$F175329 $81 961 $aSottoscrizione: Peeters 996 $6020$a978-90-429-2607-3$9(OLS)http://semarc/number/209938 996 $6245$aLa surprise dans la Bible :$bhommage à Camille Focant$9(OLS)http://semarc/title/308258 996 $6260$aLeuven [etc] :$bUitgeverij Peeters$9(OLS)http://semarc/publisher/33422